00358nam a22001337a 4500003000900000001000700009007000300016008003600019100001500055700001200070040003300082245010100115650000800216UA-OsUOA 5346 ta20050721b un ||||| |||| 00| 0 ukr d aЗарва aО. М. aUA-OsUOAcUA-OsUOAdUA-OsUOA aВикорнистання гри у навчан. монолог. мовлення...bBA Paper 72UDC